Practical guide to linux commands, editors, and shell programming, a / (Record no. 29728)

000 -LEADER
fixed length control field 00639 a2200193 4500
020 ## - INTERNATIONAL STANDARD BOOK NUMBER
International Standard Book Number 0131367366
020 ## - INTERNATIONAL STANDARD BOOK NUMBER
International Standard Book Number 9780131367364
082 ## - DEWEY DECIMAL CLASSIFICATION NUMBER
Classification number 005.268
090 ## - LOCALLY ASSIGNED LC-TYPE CALL NUMBER (OCLC); LOCAL CALL NUMBER (RLIN)
-- 1113
-- 1113
100 1# - MAIN ENTRY--PERSONAL NAME
Personal name Sobell, Mark G.
245 10 - TITLE STATEMENT
Title Practical guide to linux commands, editors, and shell programming, a /
Statement of responsibility, etc. Mark G. Sobell.
250 ## - EDITION STATEMENT
Edition statement 2nd ed.
260 ## - PUBLICATION, DISTRIBUTION, ETC.
Place of publication, distribution, etc. [S.l.] :
Name of publisher, distributor, etc. Prentice Hall,
Date of publication, distribution, etc. 2005.
300 ## - PHYSICAL DESCRIPTION
Extent 1080 p. ;
Dimensions 24 cm.
490 1# - SERIES STATEMENT
Series statement 2nd edition.
700 ## - ADDED ENTRY--PERSONAL NAME
Personal name Sobell, Mark G.
942 ## - ADDED ENTRY ELEMENTS (KOHA)
Institution code [OBSOLETE] SNS
Koha item type Book
Call number prefix 005.268 SOB
Holdings
Withdrawn status Lost status Damaged status Not for loan Permanent Location Current Location Date acquired Total Checkouts Full call number Barcode Date last seen Date last checked out Price effective from Koha item type
        School of Natural Sciences (SNS) School of Natural Sciences (SNS) 05/26/2016 1 005.268 SOB SNS0001612 10/09/2024 09/19/2024 05/26/2016 Book
© 2023 Central Library, National University of Sciences and Technology. All Rights Reserved.